000 00680nam a22001697a 4500
008 090726t xxu||||| |||| 00| 0 eng d
020 _a9953100608
082 _a658.315
_bت و ص
245 _aالتواصل الفعال
260 _aبيروت:
_bمكتبة لبنان،
_c2001
300 6 _a69 ؛ ص
_c19 سم
490 _aالإدارة المثلى
650 _98099
_aالعلاقات الوظيفية
650 _98098
_aادارة الأفراد
942 _2ddc
_cBB
999 _c12391
_d12391